LEADER 01419nam a2200325 i 4500 001 000000038784 003 CaOOAMICUS 005 20081126000000.0 008 081126s1986 it u000 u ita u 013 $a9392 020 $a88-211-8634-2 040 $aSeMil$bita 100 1 $aLévinas, Emmanuel,$d<1906-1995>.$0(OLS)http://semarc/name/18680 240 10$aDe l'existence à l'existant.$0(OLS)http://semarc/title/54915 245 10$aDall'esistenza all'esistente /$cEmmanuel Lévinas ; premessa all'edizione italiana di Pier Aldo Rovatti ; [trad. di Federica Sossi]. 260 $aCasale Monferrato :$bMarietti,$c1986. 300 $aXV, 92 p. ;$c22 cm. 490 0 $aCollana di filosofia ;$v18 500 $aFondo Ciprandi. 650 4$aEsistenzialismo - Filosofia.$0(OLS)http://semarc/subject/5568 700 1 $aSossi, Federica.$0(OLS)http://semarc/name/18681 700 1 $aRovatti, Pier Aldo,$d<1942- >.$0(OLS)http://semarc/name/4319 830 0$aCollana di filosofia ;$v18.$0(OLS)http://semarc/title/419438 850 $aSeMil 852 $aSeMil$W1$xVenegono$y1$m2P IV 160$j4939$B4939$CSeMilBibl$Z2$F4939 $81 941 1 $a1 961 $aOmaggio: Ciprandi dott. Paolo 996 $6020$a88-211-8634-2$9(OLS)http://semarc/number/8187 996 $6245$aDall'esistenza all'esistente$9(OLS)http://semarc/title/54914 996 $6260$aCasale Monferrato :$bMarietti$9(OLS)http://semarc/publisher/29936 LEADER 01369nam a2200301 i 4500 001 000000058162 003 CaOOAMICUS 005 20130325000000.0 008 130325s2011 it u000 u ita u 013 $a29334 020 $a978-88-308-1194-2 040 $aSeMil$bita 100 1 $aBorghi, Ernesto,$d<1964- >.$0(OLS)http://semarc/name/13163 245 10$aGesù è nato a Betlemme? :$bI Vangeli dell'infanzia tra storia, fede, testimonianza /$cErnesto Borghi ; postfazione di Elena Lea Bartolini De Angeli. 260 $aAssisi :$bCittadella,$c2011. 300 $a259 p. ;$c21 cm. 490 0 $aOrizzonti biblici. Nuova serie 500 $aCon dedica all'Arc. di Milano M. Delpini. 650 4$aBibbia - NT - Vangeli dell'Infanzia.$0(OLS)http://semarc/subject/6388 700 1 $aBartolini, Elena Lea.$0(OLS)http://semarc/name/12991 830 0$aOrizzonti biblici. Nuova serie.$0(OLS)http://semarc/title/14008 850 $aSeMil 852 $aSeMil$W1$xVenegono$y1$m2W IV 263$j24315$B24315$CSeMilBibl$Z2$F24318 $81 941 1 $a7 961 $aOmaggio: Delpini mons. Mario 996 $6020$a978-88-308-1194-2$9(OLS)http://semarc/number/33679 996 $6245$aGesù è nato a Betlemme? :$bI Vangeli dell'infanzia tra storia, fede, testimonianza$9(OLS)http://semarc/title/402601 996 $6260$aAssisi :$bCittadella$9(OLS)http://semarc/publisher/29661